01468nam a2200301 i 4500003000400000005001700004008004100021020003900062040002500101082002300126090002700149100003600176245008300212264006100295300004800356336002100404337002500425338002300450500001900473504003200492520043200524650005700956650005801013650003101071700003401102942001101136999001901147OSt20260329113425.0260329s2025 my a gq 001 0 may d a9786297738529cRM 25.00qpaperback aPPAKbengcPPAKerda04223a616.858900835 00a616.858900835 bHAZdG0 aHazli Zakaria, cDr.,eauthor. 10aMINDA RAYAU : bADHD DEWASA /cDr. Hazli Zakaria ; Editor: Siti Fatiha Yahya.  1aKajang, Selangor : bAras Mega (M) Sdn. Bhd., c[2025?]  axiv, 175 pages : billustrations ; c21 cm  atext2rdacontent aunmediated2rdamedia avolume2rdacarrier aIncludes index aBibliography: pages 171-172 aMaklumat tentang ADHD dewasa di Malaysia masih terhad dan sering menimbulkan kekeliruan. Minda Rayau hadir sebagai langkah awal untuk memahami isu ini. Dengan gaya penulisan reflektif dan bersahaja, buku ini mengajak pembaca menilai semula fitrah minda manusia. Buku ini juga menawarkan tip dan strategi untuk mencapai keseimbangan dan ketenangan sebagai seorang manusia dan menghargai manusia dewasa yang merayau bersama ADHD.10aAttention-deficit hyperactivity disorder in adults. 20aPeople with attention-deficit hyperactivity disorder 20aDistraction (Psychology). 0 aSiti Fatiha Yahya, eeditor.  2ddccB c203531d203531